000 01117nam a2200229Ia 4500
003 Ost
005 20260507075404.0
008 260507s9999||||xx |||||||||||||| ||und||
020 _a37403977978
040 _cfsecg
041 _aara
082 _a300
100 _aسلامة، محمد عبد السلام
_eمؤلف
245 0 _aعمليات وجرائم غسيل الأموال إلكترونيا وأثرها على الأزمة الإقتصادية العالمية ومسؤولية البنوك والمصارف /
_c محمد عبد السلام سلامة
260 _aالقاهرة:
_bدار المعارف,
_c2013
300 _a163 صفحة؛
_bإيضاحات ؛
_c24 سم
520 _aيضم القواعد الموضوعية والأركان القانونية لجريمة غسيل الأموال ، مكافحة جريمة غسيل الأموال والعقاب عليها في التشريعات المختلفة ومدى صعوبة ملاحقتها
653 _aالأزمات الإقتصادية
653 _aالبنوك
653 _aجرائم الأموال
942 _cكتاب
999 _c44295
_d44295